[Event "FRA-ch op-A"]
[Site "Pau"]
[Date "2008.08.17"]
[Round "6"]
[White "Beghin, Ronan"]
[Black "Samoun, Florent"]
[Result "1-0"]
[WhiteElo "2110"]
[BlackElo "2006"]
[PlyCount "129"]
[EventDate "2008.08.11"]
[EventType "swiss"]
[EventRounds "9"]
[EventCountry "FRA"]
[SourceTitle "CBM 126 Extra"]
[Source "ChessBase"]
[SourceDate "2008.11.05"]
[SourceVersion "1"]
[SourceVersionDate "2008.11.05"]
[SourceQuality "1"]

1. e4 e6 2. d4 d5 3. Nc3 Bb4 4. e5 c5 5. a3 Bxc3+ 6. bxc3 Ne7 7. a4 Nbc6 8. Nf3 Bd7 9. Bb5 Nf5 10. 0-0 0-0 11. Ba3 b6 12. dxc5 bxc5 13. Bxc5 Re8 14. Qe2 Qc7 15. g4 Nh6 16. h3 Na5 17. Bxd7 Qxd7 18. Bb4 Nc4 19. a5 Qc7 20. Rfe1 f6 21. Kg2 Rab8 22. exf6 gxf6 23. Rad1 Nxa5 24. Nd4 e5 25. Bxa5 Qxa5 26. Nc6 Qc5 27. Nxb8 Rxb8 28. Qd2 Nf7 29. Qxd5 Qxc3 30. Qe6 Kg7 31. Rd7 Rf8 32. Re3 Qxc2 33. Rxa7 Qg6 34. h4 h6 35. Rf3 h5 36. Rg3 Kh8 37. gxh5 Qe4+ 38. Kh2 Qxh4+ 39. Kg1 Ng5 40. Qe7 Nh3+ 41. Rxh3 Rg8+ 42. Rg3 Rxg3+ 43. fxg3 Qxg3+ 44. Kf1 Qd3+ 45. Ke1 Qe3+ 46. Kd1 Qd3+ 47. Kc1 Qc3+ 48. Kb1 Qb3+ 49. Ka1 Qc3+ 50. Ka2 Qc2+ 51. Ka3 Qc3+ 52. Ka4 Qc4+ 53. Ka5 Qc3+ 54. Kb6 Qd4+ 55. Kc6 Qe4+ 56. Kd6 Qb4+ 57. Ke6 Qg4+ 58. Kxf6 Qh4+ 59. Kg6 Qe4+ 60. Kf7 Qh7+ 61. Ke6 Qg8+ 62. Qf7 Qc8+ 63. Rd7 Qc6+ 64. Ke7 Qc5+ 65. Ke8 1-0

[Event "FRA-ch op-A"]
[Site "Pau"]
[Date "2008.08.15"]
[Round "4"]
[White "Beghin, Ronan"]
[Black "Lahilhanne, Philippe"]
[Result "1-0"]
[WhiteElo "2110"]
[BlackElo "2051"]
[PlyCount "27"]
[EventDate "2008.08.11"]
[EventType "swiss"]
[EventRounds "9"]
[EventCountry "FRA"]
[SourceTitle "CBM 126 Extra"]
[Source "ChessBase"]
[SourceDate "2008.11.05"]
[SourceVersion "1"]
[SourceVersionDate "2008.11.05"]
[SourceQuality "1"]

1. e4 g6 2. d4 Bg7 3. Nc3 d6 4. Bg5 c6 5. Qd2 Qa5 6. f4 a6 7. Nf3 Bg4 8. Be2 e6 9. h3 Bxf3 10. Bxf3 d5 11. 0-0-0 dxe4 12. Nxe4 Qxd2+ 13. Rxd2 Bf8 14. c4 1-0

[Event "FRA-ch op-A"]
[Site "Pau"]
[Date "2008.08.13"]
[Round "2"]
[White "Beghin, Ronan"]
[Black "Armand, Jerome"]
[Result "1/2-1/2"]
[WhiteElo "2110"]
[BlackElo "2020"]
[PlyCount "116"]
[EventDate "2008.08.11"]
[EventType "swiss"]
[EventRounds "9"]
[EventCountry "FRA"]
[SourceTitle "CBM 126 Extra"]
[Source "ChessBase"]
[SourceDate "2008.11.05"]
[SourceVersion "1"]
[SourceVersionDate "2008.11.05"]
[SourceQuality "1"]

1. e4 e5 2. Nf3 Nc6 3. Bb5 Nf6 4. 0-0 Nxe4 5. d4 Nd6 6. dxe5 Nxb5 7. a4 Nbd4 8. Nxd4 d6 9. exd6 Nxd4 10. Qxd4 Qxd6 11. Re1+ Be6 12. Qc3 Be7 13. Nd2 Bf6 14. Qe3 Bd4 15. Ne4 Qb6 16. Qf4 0-0-0 17. c3 Bc5 18. a5 Qc6 19. Nxc5 Qxc5 20. Be3 Qd6 21. Qd4 Qxd4 22. Bxd4 a6 23. Bxg7 Rhg8 24. Bd4 Bd5 25. g3 h5 26. h4 Rde8 27. Bf6 Bf3 28. Bg5 Kd7 29. Bf4 c6 30. Re3 Rxe3 31. fxe3 Ke6 32. Kf2 Be4 33. Rd1 Bd5 34. Bc7 Rc8 35. Bb6 Rg8 36. Rd4 Rg4 37. Rxg4 hxg4 38. Ke2 Be4 39. c4 Kf5 40. Kd2 Bb1 41. Bc7 Ke4 42. h5 Kf5 43. h6 Kg6 44. Bf4 c5 45. Kc3 Be4 46. b4 cxb4+ 47. Kxb4 f5 48. Kc5 Bc6 49. Kd6 Be4 50. Ke7 Bd3 51. c5 Bc4 52. Kd6 Bb5 53. Ke5 Bc6 54. h7 Kxh7 55. Kxf5 Bf3 56. e4 Kg7 57. Bd6 Kf7 58. e5 Bd1 1/2-1/2

[Event "FRA-ch op-A"]
[Site "Pau"]
[Date "2008.08.12"]
[Round "1"]
[White "Le Montagner, Yoann"]
[Black "Beghin, Ronan"]
[Result "1/2-1/2"]
[WhiteElo "2014"]
[BlackElo "2110"]
[PlyCount "82"]
[EventDate "2008.08.11"]
[EventType "swiss"]
[EventRounds "9"]
[EventCountry "FRA"]
[SourceTitle "CBM 126 Extra"]
[Source "ChessBase"]
[SourceDate "2008.11.05"]
[SourceVersion "1"]
[SourceVersionDate "2008.11.05"]
[SourceQuality "1"]

1. e4 e5 2. Nf3 Nc6 3. d4 exd4 4. Bc4 Nf6 5. 0-0 Nxe4 6. Re1 d5 7. Bxd5 Qxd5 8. Nc3 Qa5 9. Nxd4 Nxd4 10. Qxd4 Be6 11. Qxe4 0-0-0 12. Bf4 Bd6 13. Bxd6 Rxd6 14. Rad1 Rxd1 15. Rxd1 c6 16. b4 Qg5 17. h4 Qg4 18. Qe3 b6 19. Rd4 Qh5 20. Qe4 Bd7 21. Qe7 Qf5 22. Ne4 Qe6 23. Qxf7 Qxf7 24. Nd6+ Kc7 25. Nxf7 Re8 26. Ng5 Re1+ 27. Kh2 h6 28. Re4 Ra1 29. Ne6+ Kd6 30. Nxg7 Rxa2 31. Re2 Rb2 32. f4 Rxb4 33. Kg3 Rb5 34. Ne8+ Bxe8 35. Rxe8 a5 36. Rh8 a4 37. Rxh6+ Kd7 38. Rh7+ Ke8 39. Rh6 Kd7 40. Rh7+ Ke8 41. Rh6 Kd7 1/2-1/2

[Event "Paris Apsap op 71st"]
[Site "Paris"]
[Date "2004.04.23"]
[Round "6"]
[White "Patris, Jean Philippe"]
[Black "Beghin, Ronan"]
[Result "1/2-1/2"]
[WhiteElo "1810"]
[BlackElo "2102"]
[PlyCount "50"]
[EventDate "2004.04.19"]
[EventType "swiss"]
[EventRounds "7"]
[EventCountry "FRA"]
[SourceTitle "CBM 100 Extra"]
[Source "ChessBase"]
[SourceDate "2004.07.06"]
[SourceVersion "2"]
[SourceVersionDate "2004.07.06"]
[SourceQuality "1"]

1. e4 e5 2. Nf3 Nc6 3. Bc4 Nf6 4. 0-0 Bc5 5. c3 d6 6. d4 Bb6 7. dxe5 dxe5 8. Qxd8+ Nxd8 9. Bg5 Be6 10. Nbd2 Nxe4 11. Bxe6 Nxd2 12. Bxf7+ Nxf7 13. Bxd2 0-0-0 14. Rae1 Rhe8 15. Re2 c6 16. Ng5 Nxg5 17. Bxg5 Rd3 18. Rfe1 h6 19. Bf4 e4 20. Kf1 g5 21. Bc1 Rf8 22. Be3 Bc7 23. h3 Rd5 24. Kg1 Rdf5 25. Rd1 R8f7 1/2-1/2

[Event "Paris-ch op-B"]
[Site "Paris"]
[Date "2002.07.10"]
[Round "5.31"]
[White "Amarger, Vincent"]
[Black "Beghin, Ronan"]
[Result "0-1"]
[WhiteElo "1870"]
[BlackElo "2090"]
[PlyCount "48"]
[EventDate "2002.07.06"]
[EventType "swiss"]
[EventRounds "7"]
[EventCountry "FRA"]
[SourceTitle "EXT 2003"]
[Source "ChessBase"]
[SourceDate "2002.11.25"]
[SourceVersion "1"]
[SourceVersionDate "2002.11.25"]
[SourceQuality "1"]

1. e4 e5 2. Nf3 Nc6 3. Bc4 Nf6 4. Ng5 d5 5. exd5 b5 6. Bxb5 Qxd5 7. Bxc6+ Qxc6 8. Qf3 Bb7 9. Qxc6+ Bxc6 10. f3 Bc5 11. Nc3 0-0 12. Nge4 Nxe4 13. Nxe4 Bb6 14. d3 f5 15. Ng3 e4 16. dxe4 fxe4 17. f4 e3 18. Ne2 g5 19. Rf1 Rad8 20. g3 Bg2 21. Rg1 Bf3 22. a4 Rfe8 23. Rf1 g4 24. c3 Rd5 0-1